Państwa byłej Jugosławii - nagła śmierć - Statystyki

Ogólne statystyki
  • Ten quiz został rozwiązany 83 razy
  • Średni wynik to 6 z 7
Answers on the Grid
Answers color-coded by a green-red scale on the quiz's grid according to % correct below.
Albania
Bośnia i Hercegowina
Bułgaria
Chorwacja
Czarnogóra
Grecja
Kosowo
Macedonia Północna
Serbia
Słowenia
Węgry
Wojwodina
 
Statystyki odpowiedzi
Odpowiedź % Poprawnych
Bośnia i Hercegowina
97%
Czarnogóra
92%
Kosowo
89%
Serbia
89%
Chorwacja
85%
Macedonia Północna
84%
Słowenia
81%
Nie znaleziono quizów pasujących do podanych kryteriów
Rozkład punktacji
Procent ludzi z każdym wynikiem
Percentyl według liczby udzielonych odpowiedzi
Twoja historia wyników
Nie rozwiązałeś tego quizu